000 01035cam a22003377a 4500
003 CHAP
005 20220817042544.0
008 971013s1986 it r 00010 spa d
010 _a48022
011 _a48994
035 _a53142
040 _cCHAP
082 _a639.2
_bF3 v.235
110 _aFAO
245 1 0 _aTutela y fomento de la venta al por menor de productos pesqueros perecederos
260 _aRoma :
_bFAO,
_c1986
300 _a60 p.
_b: ilus.
410 _aFAO
490 0 _aDocumento técnico de pesca
_v; 235
590 _aBATCH-UPD
_b10
_c20130110
_lUCH01
_h1814
590 _aBATCH-UPD
_b10
_c20130410
_lUCH01
_h1148
590 _aBATCH-UPD
_b10
_c20130914
_lUCH01
_h1213
590 _aCONVERSION
_b10
_c20130109
_lUCH01
_h1326
650 1 4 _aProductos pesqueros
_xMercadeo.
_992210
700 0 _aEddie, G. C.
_935316
810 0 _aFAO
830 0 0 _aDocumento técnico de pesca
_v; 235
_933242
901 _aBK
942 _cLIBRO
949 _a639.2 F3 v.235
_bBC
_cFAO
_d33724002235149
_eFAO1
_gDonaciØn
_h68867
_i53142
_si
999 _c48022
_d48022